[Event "Terre degli Elimi op 7th"]
[Site "Erice"]
[Date "2016.08.02"]
[Round "6"]
[White "Kovanova, Mariya"]
[Black "Wieringa, Helmer"]
[Result "1-0"]
[WhiteElo "2143"]
[BlackElo "1950"]
[PlyCount "79"]
[EventDate "2016.07.28"]
[EventType "swiss"]
[EventRounds "9"]
[EventCountry "ITA"]
[SourceTitle "EXT 2017"]
[Source "ChessBase"]
[SourceDate "2016.10.25"]
[SourceVersion "1"]
[SourceVersionDate "2016.10.25"]
[SourceQuality "1"]

1. e4 e5 2. Nc3 Nf6 3. g3 Bc5 4. Bg2 a6 5. d3 d6 6. h3 b5 7. Qe2 Nc6 8. Nf3 Nd4 9. Nxd4 Bxd4 10. Nd1 Bb7 11. 0-0 Qe7 12. c3 Bb6 13. Be3 Bxe3 14. Nxe3 g6 15. Kh2 Nh5 16. Rae1 Ng7 17. f4 f6 18. Qg4 0-0 19. f5 Qf7 20. a3 c6 21. fxg6 hxg6 22. Qh4 Bc8 23. Bf3 Ne6 24. Ng4 Kg7 25. Qh6+ Kg8 26. Bd1 Qg7 27. Qh4 g5 28. Qh5 d5 29. exd5 cxd5 30. Bb3 Nc7 31. Nh6+ Kh8 32. Rf2 Be6 33. Ref1 Ne8 34. Nf7+ Kg8 35. Nh6+ Kh8 36. Nf7+ Kg8 37. Nxg5 Qd7 38. Qg6+ Kh8 39. Nxe6 Qxe6 40. Rf5 1-0

[Event "Terre degli Elimi op 7th"]
[Site "Erice"]
[Date "2016.07.31"]
[Round "4"]
[White "Kovanova, Mariya"]
[Black "Ciampi, Vincenzo"]
[Result "1-0"]
[WhiteElo "2143"]
[BlackElo "1985"]
[PlyCount "109"]
[EventDate "2016.07.28"]
[EventType "swiss"]
[EventRounds "9"]
[EventCountry "ITA"]
[SourceTitle "EXT 2017"]
[Source "ChessBase"]
[SourceDate "2016.10.25"]
[SourceVersion "1"]
[SourceVersionDate "2016.10.25"]
[SourceQuality "1"]

1. e4 g6 2. d4 Bg7 3. Nc3 d6 4. Be2 a6 5. Be3 Nd7 6. Qd2 b5 7. a4 b4 8. Na2 Ngf6 9. f3 a5 10. c3 bxc3 11. Nxc3 0-0 12. Rc1 c6 13. h4 e5 14. d5 cxd5 15. Nxd5 Nxd5 16. Qxd5 Rb8 17. Bb5 Nf6 18. Qd2 d5 19. Bc5 Bd7 20. Bxd7 Qxd7 21. Bxf8 Bxf8 22. Qc2 Bb4+ 23. Kf1 dxe4 24. Ne2 exf3 25. gxf3 e4 26. Qc7 Qxc7 27. Rxc7 exf3 28. Nd4 Ne4 29. Rh3 Rd8 30. Nxf3 Nc5 31. Ke2 Ne6 32. Rc4 Bd6 33. Rh1 Nf4+ 34. Kd1 Nd3 35. Kc2 Bf8 36. Rd4 Nb4+ 37. Kb1 Rb8 38. Rhd1 Nc6 39. Rc1 Nd8 40. Rd5 Bg7 41. Rb5 Ra8 42. Rcc5 Ne6 43. Rxa5 Re8 44. Rc2 Rd8 45. Ra7 h6 46. Rd2 Rb8 47. Ka2 g5 48. hxg5 hxg5 49. Ra5 g4 50. Ne5 Rb4 51. Ra8+ Nf8 52. Nd7 Bh6 53. Rd5 g3 54. Rd3 Rg4 55. Nf6+ 1-0

[Event "Terre degli Elimi op 7th"]
[Site "Erice"]
[Date "2016.07.28"]
[Round "1"]
[White "Levin, Felix"]
[Black "Kovanova, Mariya"]
[Result "1-0"]
[WhiteElo "2530"]
[BlackElo "2143"]
[PlyCount "115"]
[EventDate "2016.07.28"]
[EventType "swiss"]
[EventRounds "9"]
[EventCountry "ITA"]
[SourceTitle "EXT 2017"]
[Source "ChessBase"]
[SourceDate "2016.10.25"]
[SourceVersion "1"]
[SourceVersionDate "2016.10.25"]
[SourceQuality "1"]

1. d4 Nf6 2. Nf3 g6 3. Bf4 Bg7 4. e3 d6 5. c3 0-0 6. h3 Nbd7 7. Be2 Re8 8. 0-0 c6 9. a4 Qb6 10. Nbd2 Nf8 11. Nc4 Qc7 12. Bh2 h6 13. Nfd2 Be6 14. e4 Bxc4 15. Bxc4 Qb6 16. Qc2 d5 17. exd5 cxd5 18. Bd3 Rac8 19. a5 Qd8 20. Qb3 N8d7 21. Nf3 b6 22. Ba6 Rc6 23. Bb5 Re6 24. Ne5 Nxe5 25. dxe5 Nd7 26. axb6 axb6 27. Qxd5 Nxe5 28. Qb7 Qc8 29. Qxc8 Rxc8 30. Rfe1 Rc5 31. Bf1 Rcc6 32. f4 Nc4 33. Rxe6 fxe6 34. Bxc4 Rxc4 35. Ra8+ Kf7 36. Rb8 Rc6 37. Kf1 e5 38. fxe5 Ke6 39. Bg1 Bxe5 40. Rxb6 Rxb6 41. Bxb6 Kd5 42. Ke2 Kc4 43. Ke3 Bf6 44. Ke4 h5 45. Bd4 Bh4 46. Ke5 Bg5 47. b4 Bf6+ 48. Ke6 Bh4 49. g4 hxg4 50. hxg4 Bg5 51. Kf7 Bf4 52. Kxe7 Kd5 53. Kf6 g5 54. b5 Ke4 55. Ke6 Bb8 56. b6 Kf4 57. c4 Kxg4 58. Be5 1-0